000 00376nam a2200145 i 4500
001 bg
100 1 _aHAYES, Robert. M.
245 0 _aHandbook of Data Processing for Libraries /
_cRobert M. Hayes, Joseph Becker.
260 _aLos Angeles,
_c1974.
700 1 _aBECKER, Joseph
040 _cBPK
041 _apol
942 _cKS
008 s pl f |000 0 pol
999 _c27371
_d27371
856 _uhttp://koha.tu.koszalin.pl/cgi-bin/koha/opac-detail.pl?biblionumber=27371
_yKatalog online BPK